| 000 | 00564nam a22001577a 4500 | ||
|---|---|---|---|
| 999 |
_c528025 _d528025 |
||
| 020 | _qHard Cover. | ||
| 082 | _a616 | ||
| 100 | _aAnjum, Sadia | ||
| 245 |
_aCharacterization of HCV Genotype 3A Proteins Core, E1, E2 And Development of Pseudotype particles (HCVPP) And Intergenotypic Chimera (HCVcc) _cSadia Anujum. |
||
| 260 |
_aIslamabad: _bASAB - NUST, _c2013. |
||
| 300 |
_axvii, 186 p. : ill. ; _c30cm. |
||
| 942 |
_2ddc _cTHE |
||
| 650 |
_aPh. D. Thesis. _919288 |
||
| 700 |
_aDr. Ishtiaq Qadir. _919535 |
||